[Dom bývania Boženy Slančíkovej-Timravy v Ábelovej]

Zobrazenie: Dom bývania Boženy Slančíkovej-Timravy v Ábelovej, v súčasnosti Pamätný dom Timravy, kde je inštalovaná pamätná izba.

Bibliographic Details
Other Authors: Knězek, Libor, 1929-2017 (Photographer)
Format: Photo
Language:Slovak
PhysicalDescription:1 fotografia čb 18 x 14 cm
Published: [S.l. s.n. s.a.]
Subjects:

MARC

LEADER 00000nkmaa2200000 a 4500
001 vtls011601561
003 SK-MaSNL
005 20260331210819.0
007 kh bo
008 230802n xo | |||0 k|slo
035 |a 70FBBBA3-8EA1-44DD-82B3-ABD309666CD2 
035 |a urn:nbn:sk:snk-km3m1tk 
035 |a urn:nbn:sk:snk-km00e4pd 
040 |a SNKLA  |b slo  |c SNKLA  |e AACR2 
041 0 |a slo 
044 |a xo  |c SK 
100 1 |a Knězek, Libor,  |d 1929-2017  |4 pht  |9 175873 
245 1 0 |a [Dom bývania Boženy Slančíkovej-Timravy v Ábelovej]  |h grafika 
260 |a [S.l.  |b s.n.  |c s.a.] 
300 |a 1 fotografia  |b čb  |c 18 x 14 cm 
520 2 |a Zobrazenie: Dom bývania Boženy Slančíkovej-Timravy v Ábelovej, v súčasnosti Pamätný dom Timravy, kde je inštalovaná pamätná izba. 
600 0 7 |a Timrava,  |d 1867-1951  |2 SNKMA  |9 37213 
650 0 7 |a domy bývania  |2 SNKLA  |9 341137 
651 7 |a Ábelová (Slovensko)  |2 SNKPH  |9 108538 
655 7 |a fotografie  |2 SNKPH  |9 70713 
852 |a Slovenská národná knižnica  |b Literárny archív 
852 7 |a Slovenská národná knižnica  |b Literárny archív 
958 |a ZO 
958 |a BLA 
999 |c 936601  |d 938531 
952 |a SNKLA  |b SNKLA  |c SNKLA_DEP  |y NEVYP  |7 0  |p 17A1008624  |o snkK 21/129  |i snkLA 1712/1965  |0 0  |1 0  |4 0  |d 2016-12-28  |f 1  |l 0  |r 2026-02-24 09:06:03  |w 2026-02-24